Southville International School and Colleges
Your cart is empty.
  • Cart
  • Lists
    Public lists Eva Luna New books Lux_list list_1
    Your lists Log in to create your own lists
  • Log in to your account
  • Your cookies
  • Search history
Southville International School and Colleges
  • Advanced search
  • Recent comments
  • Most popular
  • Libraries

Log in to your account

Log in with GOOGLE


If you do not have an external account, but do have a local account, you can still log in:

  1. Home
  2. MARC view: Human resource information systems :
Normal view MARC view ISBD view

Human resource information systems : (Record no. 357164)

[ view plain ]
MARC details
000 -LEADER
fixed length control field 00801nam a2200241Ia 4500
008 - FIXED-LENGTH DATA ELEMENTS--GENERAL INFORMATION
fixed length control field 180523s9999 xx 000 0 und d
020 ## - INTERNATIONAL STANDARD BOOK NUMBER
International Standard Book Number 978-1-4129-6156-1
050 ## - LIBRARY OF CONGRESS CALL NUMBER
Classification number MAIN HF 5549.5
050 ## - LIBRARY OF CONGRESS CALL NUMBER
Item number .D37H86 2012
245 #0 - TITLE STATEMENT
Title Human resource information systems :
245 #0 - TITLE STATEMENT
Remainder of title basics, applications, and future directions /
245 #0 - TITLE STATEMENT
Statement of responsibility, etc edited by Michael J. Kavanagh, Mohan Thite, Richard D. Johnson.
250 ## - EDITION STATEMENT
Edition statement 2nd Edition
260 ## - PUBLICATION, DISTRIBUTION, ETC. (IMPRINT)
Place of publication, distribution, etc Singapore :
260 ## - PUBLICATION, DISTRIBUTION, ETC. (IMPRINT)
Name of publisher, distributor, etc SAGE Publications Asia-Pacific Pte Ltd
260 ## - PUBLICATION, DISTRIBUTION, ETC. (IMPRINT)
Date of publication, distribution, etc 2012
300 ## - PHYSICAL DESCRIPTION
Extent 623 pages :
300 ## - PHYSICAL DESCRIPTION
Other physical details illustrations ;
300 ## - PHYSICAL DESCRIPTION
Dimensions 23 cm.
500 ## - GENERAL NOTE
General note Includes bibliographical references and index.
650 ## - SUBJECT ADDED ENTRY--TOPICAL TERM
Topical term or geographic name as entry element Personnel management -- Information technology.
650 ## - SUBJECT ADDED ENTRY--TOPICAL TERM
General subdivision Personnel management -- Data processing.
Holdings
Withdrawn status Lost status Damaged status Home library Current library Shelving location Date acquired Cost, normal purchase price Total Checkouts Full call number Barcode Date last seen Price effective from Koha item type
      South Mansfield College South Mansfield College   01/11/2016 590.75   MAIN HF 5549.5 .D37H86 2012 SMC06047 05/23/2018 05/23/2018  

Human resource information systems :

APA

Human resource information systems. Singapore: .

Chicago

Human resource information systems. Singapore: .

Harvard

Human resource information systems. Singapore: .

MLA

Singapore: . .

  • Place hold
  • Print
  • Cite
  • Add to your cart (remove)
  • Save record
    BIBTEX Dublin Core MARCXML MARC (non-Unicode/MARC-8) MARC (Unicode/UTF-8) MARC (Unicode/UTF-8, Standard) MODS (XML) RIS
  • More searches
    Search for this title in:
    Other Libraries (WorldCat) Other Databases (Google Scholar) Online Stores (Bookfinder.com) Open Library (openlibrary.org)

Exporting to Dublin Core...

SOUTHVILLE LIBRARY

Southville International School and Colleges Library

1281 Tropical Ave. Cor. Luxembourg St., BF Homes International, Las Pinas City

Tel. No. 8256374 / 252358 Loc. 117/146

Powered by Koha